000 00868cam a2200265 a 4500
001 000014845
005 20200929163916.0
008 030331s1999 ve a 000 pdspa c
020 _a9806197607
040 _aDO-SdBNP
_bspa
_cLC
_dBNPHU
082 _aV861.44
_bV872n
245 0 0 _aVoces nuevas :
_b1995-1997.
260 _aCaracas :
_bFundación Centro de Estudios Latinoamericanos Rómulo Gallegos.
300 _a299 p. ;
_c21 cm.
362 0 _a1990/91-
490 1 _aPoesía Narrativa
500 _aLatest issue consulted: 2001/2002.
650 4 _aPoesía venezolana
_94230
650 4 _aLiteratura venezolana
_93816
710 2 _aCentro de Estudios Latinoamericanos Romulo Gallegos.
_933637
780 0 0 _tVoces nuevas, taller
_w(DLC) 96655611
_w(OCoLC)34614050
830 0 0 _aPoesía Narrativa
_933638
910 _aCatalogación derivada
049 _aBNGR
999 _c14425
_d14425